Statistics for TV Kids Shows

Click here to take the quiz!

General Stats

  • This quiz has been taken 945 times
  • The average score is 4 of 12

Answer Stats

HintAnswer% Correct
Tinky-Winky, Dipsy, Laalaa, PoTeletubbies
84%
Patrick, Squidward, Gary, SandySpongebob Squarepants
81%
Roley, Scoop, DizzyBob the Builder
45%
Bella, Milo, Fizz, Jake,Tweenies
39%
Archie,Josie Jump, PC Plum, Miss HoolieBalamory
33%
Uniqua,Tasha,Pablo, Austin, TyroneBackyardigans
29%
BigEars, Mr Plod, Mr. Wobbly ManNoddy
28%
Margret, Ralph, PeterHorrid Henry
22%
Fimbo, Florrie,PomFimbles
20%
Tubb, Terence, Finbar, RegRubbadubbers
9%
Duck, Octo, Piggy, HowieAlmost Naked Animals
6%
Tallulah, Cyril, MaisyMaisy Mouse
6%

Score Distribution

Percentile by Number Answered

Percent of People with Each Score

Your Score History

You have not taken this quiz